000 01004nam a2200217Ia 4500
999 _c38458
_d38458
001 4470
003 GE_BSU
005 20190520150445.0
008 181216s1977||||ge |||||||||||||| ||geo||
040 _cGE_BSU
041 _ageo
080 _a53(042.4)+535(075) ღ–80
100 _aღონღაძე, დ
_91353
245 _aზოგადი ფიზიკის კურსი: ოპტიკა და ნივთიერების აღნაგობა.III : ნაწ.
_bსახელმძღვ. /
_cდ.ღონღაძე ; რედ : ა. ბესელია ;
264 _aთბილისი :
_bგანათლება,
_c1977.
300 _a461 გვ .:
_c21 სმ.
653 _aზოგადი ფიზიკის კურსი:ოპტიკა და ნივთიერების აღნაგობა
653 _aფიზიკა
700 _aბესელია, ა
_eრედაქტორი
_91376
942 _cBK
_2udc